Catálogo
 En Linea

Educación cívica. (Registro nro. 44065)

Detalles MARC
000 -CABECERA
campo de control de longitud fija 00318nam a2200109 a 4500
005 - FECHA Y HORA DE LA ÚLTIMA TRANSACCIÓN
campo de control 20201002045455.0
008 - DATOS DE LONGITUD FIJA--INFORMACIÓN GENERAL
campo de control de longitud fija 140717s2004 000 spa d
040 ## - FUENTE DE LA CATALOGACIÓN
Centro catalogador/agencia de origen DO-SdBNP
100 ## - ENTRADA PRINCIPAL--NOMBRE DE PERSONA
Nombre de persona Almánzar García, José Nicolás
9 (RLIN) 3006
245 #0 - MENCIÓN DE TÍTULO
Título Educación cívica.
260 ## - PUBLICACIÓN, DISTRIBUCIÓN, ETC.
Lugar de publicación, distribución, etc. [Santo Domingo] -- edi. desc.,
Fecha de publicación, distribución, etc. [197?] -- 88 p.

No hay ítems disponibles.

Con tecnología Koha